[Event "European Cities & Towns Chess Championship - Open/Seniors"]
[Site "Central Europe"]
[Date "2023.01.29"]
[Round "1.6.3"]
[White "Kelmendi, Bajrush"]
[Black "Paryokha, Serhiy"]
[Result "1-0"]
[WhiteElo "1942"]
[BlackElo "2294"]
[BlackCountry "UA"]
[BlackFideId "14198177"]
[BlackTeam "Kyiv region"]
[WhiteCountry "GB"]
[WhiteFideId "426024"]
[WhiteTeam "Hammersmith - West London"]

1. e4 c6 2. c4 d5 3. exd5 cxd5 4. cxd5 Nf6 5. Nc3 g6 6. Bc4 Bg7 7. Nf3 O-O
8. O-O Nbd7 9. d6 exd6 10. d4 Nb6 11. Bb3 Bf5 12. Bg5 h6 13. Bh4 g5 14. 
Bg3 a6 15. Qd2 Rc8 16. Rfe1 Nc4 17. Bxc4 Rxc4 18. b3 Rc8 19. Rac1 Qd7 20. 
Na4 Rxc1 21. Rxc1 Ne4 22. Qb4 Nxg3 23. hxg3 Be4 24. Nb6 Qf5 25. Ne1 Rd8 
26. Qd2 Qf6 27. Rd1 Bf5 28. Nd5 Qe6 29. Ne3 Bg6 30. Nf3 Kh7 31. Re1 Qd7 
32. Nd5 Re8 33. Rc1 Qf5 34. Ne3 Qd7 35. Qc3 Re7 36. Qc8 Qxc8 37. Rxc8 Be4 
38. Nd2 Bxd4 39. Nxe4 Rxe4 40. Nc2 Bf6 41. Kf1 Kg7 42. Rc7 Re7 43. Rc8 Rd7
44. Ke2 d5 45. Kd3 Be7 46. g4 Bf6 47. Ne3 Kh7 48. Nf5 Kg6 49. Ng3 Be5 50. 
Ne2 f5 51. gxf5+ Kxf5 52. Rf8+ Kg6 53. Re8 Bc7 54. g4 Bb6 55. Re6+ Kg7 56.
 Rxb6 Rf7 57. Ke3 Re7+ 58. Kf3 Rf7+ 59. Kg2 Rc7 60. Nd4 Kh7 61. Nf5 Rc2 
62. Rxb7+ Kg6 63. Rb6+ Kh7 64. Rxa6 Rd2 65. Rxh6+ Kg8 66. a4 Rb2 67. Rb6 
d4 68. Nxd4 Kf7 69. Nf5 Kg8 70. a5 Kh7 71. a6 Kg8 72. Rb7 Ra2 73. a7 Kh8 
74. Rb8+ Kh7 75. a8=Q Ra6 76. Rb7+ Kg6 77. Qxa6# 1-0

[Event "European Cities & Towns Chess Championship - Open/Seniors"]
[Site "Central Europe"]
[Date "2023.01.29"]
[Round "1.6.4"]
[White "Kirichenko, Vitaly"]
[Black "Perchard, Matthew"]
[Result "1-0"]
[WhiteElo "2262"]
[BlackElo "1506"]
[BlackCountry "GB"]
[BlackFideId "343404235"]
[BlackTeam "Hammersmith - West London"]
[WhiteCountry "UA"]
[WhiteFideId "14103079"]
[WhiteTeam "Kyiv region"]

1. e4 e6 2. Nf3 d5 3. Nc3 Nf6 4. e5 Nfd7 5. d4 c5 6. dxc5 Bxc5 7. Bd3 Nc6 
8. Bf4 a6 9. O-O Qc7 10. Re1 b5 11. Bg3 Bb7 12. Nxd5 Qb8 13. Nc3 Qa7 14. 
Ng5 Ndxe5 15. Bxe5 Bxf2+ 16. Kh1 Bxe1 17. Qxe1 Nxe5 18. Qxe5 Qf2 19. Nce4 
Qb6 20. Nd6+ Ke7 21. Ngxf7 h6 22. Re1 Bc8 23. Qxg7 Bd7 24. Nf5+ Ke8 25. 
Qxh8+ Kxf7 26. Qg7+ Ke8 27. Qe7# 1-0

[Event "European Cities & Towns Chess Championship - Open/Seniors"]
[Site "Central Europe"]
[Date "2023.01.29"]
[Round "1.7.1"]
[White "Jansa, Vlastimil"]
[Black "Yasin, Hur"]
[Result "1-0"]
[WhiteElo "2398"]
[BlackElo "1872"]
[BlackCountry "TR"]
[BlackFideId "6300170"]
[BlackTeam "Istanbul - Seniors"]
[BlackTitle "CM"]
[WhiteCountry "CZ"]
[WhiteFideId "300128"]
[WhiteTeam "Prague - Seniors"]
[WhiteTitle "GM"]

1. e4 e6 2. d4 d5 3. Nd2 Nc6 4. Ngf3 Nf6 5. e5 Nd7 6. Bd3 Nb4 7. Be2 c5 8.
 c3 Nc6 9. O-O Qb6 10. Re1 cxd4 11. cxd4 Nxd4 12. Nxd4 Qxd4 13. Qb3 Bc5 
14. Nf3 Qxf2+ 15. Kh1 O-O 16. Bf4 Bb6 17. Rad1 Qc5 18. Bd3 h6 19. Bb1 Qc4 
20. Qxc4 dxc4 21. Rc1 Ba5 22. Red1 b5 23. Nd4 a6 24. Be4 Ra7 25. Nc6 Bb6 
26. Nxa7 Bxa7 27. Bc6 Nc5 28. Be3 Bb6 29. b3 Nd7 30. Bxb6 Nxb6 31. Rd6 
cxb3 32. axb3 Nd5 33. Bxd5 exd5 34. b4 Be6 35. Rxa6 Rb8 36. Kg1 g5 37. 
Rcc6 Rd8 38. Kf2 Kg7 39. Rd6 Kg6 40. Rxd8 1-0

[Event "European Cities & Towns Chess Championship - Open/Seniors"]
[Site "Central Europe"]
[Date "2023.01.29"]
[Round "1.7.2"]
[White "Guner, Bulent"]
[Black "Sorm, Daniel"]
[Result "0-1"]
[WhiteElo "1974"]
[BlackElo "2302"]
[BlackCountry "CZ"]
[BlackFideId "5400139"]
[BlackTeam "Prague - Seniors"]
[BlackTitle "FM"]
[WhiteCountry "TR"]
[WhiteFideId "6300553"]
[WhiteTeam "Istanbul - Seniors"]

1. d4 d5 2. c4 e6 3. Nf3 c6 4. e3 Bd6 5. Bd3 f5 6. O-O Nf6 7. b3 O-O 8. 
Ba3 Bxa3 9. Nxa3 Qe7 10. Nb1 Bd7 11. Ne5 Be8 12. Nc3 Bh5 13. Be2 Bxe2 14. 
Qxe2 Nbd7 15. f4 Kh8 16. Rf3 Rg8 17. Rh3 g5 18. fxg5 Rxg5 19. Rf1 Nxe5 20.
 dxe5 Nd7 21. Rf4 Rag8 22. g3 Nxe5 23. Rfh4 R8g7 24. Nd1 Rg4 25. Rh6 dxc4 
26. Qb2 Qd6 27. Nf2 Kg8 28. Nxg4 Nxg4 29. R3h5 Qd1+ 30. Kg2 Nxe3+ 31. Kf2 
Ng4+ 32. Kg2 Nxh6 33. Rxh6 Rd7 34. Kh3 Rd2 35. Qf6 Qg4# 0-1

[Event "European Cities & Towns Chess Championship - Open/Seniors"]
[Site "Central Europe"]
[Date "2023.01.29"]
[Round "1.7.3"]
[White "Trickov, Vasil"]
[Black "Sezgun, Yakup"]
[Result "1-0"]
[WhiteElo "2329"]
[BlackElo "1739"]
[BlackCountry "TR"]
[BlackFideId "6338496"]
[BlackTeam "Istanbul - Seniors"]
[Termination "time forfeit"]
[WhiteCountry "CZ"]
[WhiteFideId "311103"]
[WhiteTeam "Prague - Seniors"]
[WhiteTitle "IM"]

1. d4 Nf6 2. Nf3 g6 3. g3 Bg7 4. Bg2 O-O 5. c4 d5 6. O-O c6 7. Qb3 dxc4 8.
 Qxc4 Nbd7 9. Rd1 Nb6 10. Qb3 Bf5 11. Nc3 Ne4 12. Bf4 Nxc3 13. bxc3 Qd5 
14. Nd2 Qxb3 15. axb3 a6 16. e4 Be6 17. Be3 Nd7 18. c4 Nf6 19. h3 h6 20. 
Rac1 Rac8 21. b4 g5 22. e5 Ne8 23. Ne4 Rc7 24. f4 f6 25. d5 cxd5 26. cxd5 
Rxc1 27. Bxc1 Bc8 28. d6 exd6 29. exd6 Rf7 30. Nc5 b6 31. d7 Bxd7 32. Nxd7
1-0

[Event "European Cities & Towns Chess Championship - Open/Seniors"]
[Site "Central Europe"]
[Date "2023.01.29"]
[Round "1.7.4"]
[White "Ozveren, Ali Bulent"]
[Black "Pribyl, Josef"]
[Result "0-1"]
[WhiteElo "1718"]
[BlackElo "2217"]
[BlackCountry "CZ"]
[BlackFideId "300187"]
[BlackTeam "Prague - Seniors"]
[BlackTitle "IM"]
[Termination "time forfeit"]
[WhiteCountry "TR"]
[WhiteFideId "6303188"]
[WhiteTeam "Istanbul - Seniors"]

1. Nf3 Nf6 2. g3 d6 3. Bg2 e5 4. d3 c5 5. O-O Nc6 6. c4 g6 7. Nc3 Bg7 8. 
a3 O-O 9. Rb1 a5 10. e4 h6 11. h3 Be6 12. Nd5 Rb8 13. Be3 Kh7 14. g4 b5 
15. g5 Nh5 16. gxh6 Bxh6 17. Bxh6 Kxh6 18. Qd2+ Kg7 19. Qg5 Bxd5 20. cxd5 
Nd4 21. Qxd8 Ne2+ 22. Kh2 Rfxd8 23. Rfd1 Nef4 24. Bf1 b4 25. a4 Rh8 26. 
Nd2 Nf6 27. Nc4 Ne8 28. b3 Ra8 29. Kg3 Kf6 30. h4 Ke7 31. Rd2 Nf6 32. f3 
N6h5+ 33. Kh2 Ng7 34. Kg3 Ngh5+ 35. Kh2 Rh6 36. Bh3 Nf6 37. Kg3 g5 38. Rh1
Rxh4 39. Bg2 N4h5+ 40. Kf2 Rxh1 41. Bxh1 Nf4 42. Bg2 Kf8 43. Kg1 Ke7 44. 
Bf1 Ne8 45. Rh2 Nf6 46. Rh6 Ra6 47. Rh8 Ng6 48. Rb8 Nd7 49. Rb7 Kd8 50. 
Kf2 Nf4 51. Rb5 Kc7 52. Nxa5 Nb6 53. Nc6 f6 54. Ne7 Ra8 55. Nf5 Rd8 56. 
Kg3 Nc8 57. Kg4 Rh8 58. Kg3 Rh1 59. Kf2 Rh2+ 60. Kg1 Rd2 61. a5 Ra2 62. 
Ng7 Na7 0-1

[Event "European Cities & Towns Chess Championship - Open/Seniors"]
[Site "Central Europe"]
[Date "2023.01.29"]
[Round "1.8.1"]
[White "Rama, Lorenc"]
[Black "Stoleriu, George"]
[Result "0-1"]
[WhiteElo "2125"]
[BlackElo "2389"]
[BlackCountry "RO"]
[BlackFideId "1227505"]
[BlackTeam "Iasi"]
[BlackTitle "FM"]
[WhiteCountry "AL"]
[WhiteFideId "4700171"]
[WhiteTeam "TEUTA - Durres Albania"]
[WhiteTitle "FM"]

1. d4 e6 2. c4 Nf6 3. Nf3 Bb4+ 4. Nbd2 b6 5. g3 Bb7 6. Bg2 O-O 7. O-O Bxd2
8. Bxd2 d6 9. Bg5 Nbd7 10. Qc2 h6 11. Bxf6 Nxf6 12. Rfe1 Be4 13. Qc3 Qe7 
14. Nh4 Bxg2 15. Nxg2 e5 16. e4 exd4 17. Qxd4 Qe5 18. Rad1 Rad8 19. f4 Qh5
20. Rd2 Rfe8 21. Rde2 Re7 22. Nh4 Rde8 23. Nf5 Re6 24. Kg2 c5 25. Qd3 Nxe4
26. Nxg7 Kxg7 27. Rxe4 Rxe4 28. Rxe4 Rxe4 29. Qxe4 Qd1 30. Kf2 Qa1 31. Qc2
Qxa2 32. g4 d5 33. cxd5 Qxd5 34. Kg3 Qd4 35. h4 c4 36. h5 Qe3+ 37. Kh4 
Qxf4 38. Qe2 Qd4 39. Qf1 Qf6+ 40. Qxf6+ Kxf6 41. Kg3 Kg5 0-1

[Event "European Cities & Towns Chess Championship - Open/Seniors"]
[Site "Central Europe"]
[Date "2023.01.29"]
[Round "1.8.2"]
[White "Gheorghiu, Calin"]
[Black "Ramaj, Ergit"]
[Result "1/2-1/2"]
[WhiteElo "2317"]
[BlackElo "1861"]
[BlackCountry "AL"]
[BlackFideId "4703669"]
[BlackTeam "TEUTA - Durres Albania"]
[WhiteCountry "RO"]
[WhiteFideId "1200305"]
[WhiteTeam "Iasi"]
[WhiteTitle "FM"]

1. e4 e5 2. Nf3 Nc6 3. Bb5 Nf6 4. d3 Bc5 5. O-O Nd4 6. Nxd4 Bxd4 7. c3 Bb6
8. Bg5 c6 9. Bc4 h6 10. Bh4 O-O 11. Nd2 d6 12. Qb3 Qe7 13. a4 Bd8 14. Rfe1
Rb8 15. d4 b5 16. axb5 cxb5 17. Bd5 Bb7 18. Bxf6 Qxf6 19. Rxa7 Bxd5 20. 
Qxd5 exd4 21. cxd4 Bb6 22. Rd7 Qxd4 23. Qxd4 Bxd4 24. b3 Bc3 25. Rd1 Rfd8 
26. Rxd8+ Rxd8 27. Nf3 Ra8 28. Kf1 Ra3 29. Rb1 b4 30. g4 Ra5 31. h4 d5 32.
 e5 d4 33. Rd1 Ra3 34. Nxd4 Bxd4 35. Rxd4 Rxb3 36. Rd8+ Kh7 37. h5 Rf3 38.
 Kg2 Rf4 39. Kg3 Re4 40. f4 1/2-1/2

[Event "European Cities & Towns Chess Championship - Open/Seniors"]
[Site "Central Europe"]
[Date "2023.01.29"]
[Round "1.8.3"]
[White "Caushi, Alket"]
[Black "Calin, Alexandru"]
[Result "1/2-1/2"]
[WhiteElo "1768"]
[BlackElo "2169"]
[BlackCountry "RO"]
[BlackFideId "1222961"]
[BlackTeam "Iasi"]
[BlackTitle "FM"]
[WhiteCountry "AL"]
[WhiteFideId "4701801"]
[WhiteTeam "TEUTA - Durres Albania"]

1. e4 d6 2. Nf3 Nf6 3. Nc3 e5 4. d4 Nbd7 5. dxe5 dxe5 6. Bc4 Be7 7. O-O 
O-O 8. h3 c6 9. Be3 b5 10. Bd3 Qc7 11. a3 Nc5 12. Qe2 a5 13. Bxc5 Bxc5 14.
 Rad1 Nh5 15. Qd2 Re8 16. Ne2 h6 17. Qc3 Bf8 18. Bxb5 Bd7 19. Rxd7 Qxd7 
20. Bxc6 Qc7 21. Bxa8 Qxc3 22. Nxc3 Rxa8 23. Nxe5 Rc8 24. Ra1 Nf4 25. Nd7 
Bd6 26. Nb6 Rb8 27. Nc4 Bc5 28. Rb1 Bd4 29. Nd5 Ne6 30. c3 Bc5 31. b4 axb4
32. axb4 Bf8 33. Ne5 f6 34. Nd7 Rc8 35. Nxf8 Kxf8 36. b5 Nc5 37. f3 Ra8 
38. b6 Nb7 39. Rb2 Kf7 40. Kf2 Nc5 41. Ke3 Rb8 42. Rb1 Ke6 43. Kd4 Nd7 44.
 c4 Kd6 45. Rb5 Ne5 46. c5+ Kc6 47. Rb3 Rd8 48. Ra3 f5 49. Ra6 Kb5 50. Ra7
Nc6+ 51. Kc3 Nxa7 52. bxa7 Ka6 53. Nc7+ Kxa7 54. exf5 Rf8 55. g4 Rf6 56. 
Kd4 Kb7 57. Nd5 Ra6 58. Ke5 Ra3 59. Kf4 Kc6 60. Ne7+ Kxc5 61. h4 Kd6 62. 
Ng6 Ra4+ 63. Kg3 Ra3 64. g5 Ra5 65. Kg4 h5+ 66. Kxh5 Rxf5 67. f4 Ra5 68. 
Kg4 Ke6 69. h5 Ra1 70. Nf8+ Kf7 71. Nd7 Rg1+ 72. Kf5 Rh1 73. Ne5+ Kg8 74. 
Kg6 Re1 75. Nd7 Re6+ 76. Kf5 Re1 77. Kg6 Re6+ 78. Kf5 Re1 79. h6 gxh6 80. 
gxh6 Kh7 81. Kg5 Rg1+ 82. Kh5 Rh1+ 83. Kg5 Rxh6 84. Nf6+ Kg7 85. Ne8+ Kh7 
86. Nf6+ Kg7 87. Ne8+ Kh7 88. Nf6+ 1/2-1/2

[Event "European Cities & Towns Chess Championship - Open/Seniors"]
[Site "Central Europe"]
[Date "2023.01.29"]
[Round "1.8.4"]
[White "Zubcu, Vlad-George"]
[Black "Kote, Aleks"]
[Result "1-0"]
[WhiteElo "2156"]
[BlackElo "1503"]
[BlackCountry "AL"]
[BlackFideId "4702778"]
[BlackTeam "TEUTA - Durres Albania"]
[WhiteCountry "RO"]
[WhiteFideId "1219715"]
[WhiteTeam "Iasi"]

1. e4 c5 2. Nf3 e6 3. d4 cxd4 4. Nxd4 a6 5. c4 Qc7 6. Nc3 Nf6 7. Bd3 d6 8.
 O-O Be7 9. Be3 O-O 10. Rc1 Nc6 11. Nxc6 bxc6 12. f4 Bb7 13. b4 Rfd8 14. 
Qe2 Rac8 15. c5 d5 16. e5 d4 17. exf6 Bxf6 18. Ne4 dxe3 19. Nxf6+ gxf6 20.
 Qxe3 a5 21. a3 Kf8 22. Rcd1 Ke7 23. Bxh7 Rh8 24. Be4 Rh6 25. Rd6 Rch8 26.
 h3 axb4 27. axb4 Rh5 28. Rfd1 f5 29. Bf3 R5h6 30. Qe5 Qc8 31. b5 cxb5 32.
 Rd7+ Qxd7 33. Rxd7+ Kxd7 34. Bxb7 b4 35. Qd6+ Ke8 36. Bc6# 1-0

[Event "European Cities & Towns Chess Championship - Open/Seniors"]
[Site "Central Europe"]
[Date "2023.01.29"]
[Round "1.9.1"]
[White "Massoni, Michael"]
[Black "Melikhov, Evgeny V."]
[Result "1/2-1/2"]
[WhiteElo "2322"]
[BlackElo "2269"]
[BlackCountry "RU"]
[BlackFideId "4122046"]
[BlackTeam "Ioannina"]
[BlackTitle "FM"]
[WhiteCountry "FR"]
[WhiteFideId "654213"]
[WhiteTeam "Corsica "]
[WhiteTitle "IM"]

1. e4 e5 2. Nf3 Nc6 3. d4 exd4 4. Bc4 Nf6 5. O-O Nxe4 6. Re1 d5 7. Bxd5 
Qxd5 8. Nc3 Qa5 9. Nxe4 Be6 10. Bd2 Qb5 11. Bg5 h6 12. Bh4 Qxb2 13. Rb1 
Qxa2 14. Nxd4 Qd5 15. Nxe6 Qxd1 16. Nxc7+ Kd7 17. Rexd1+ Kxc7 18. Bg3+ Kc8
19. Bd6 f5 20. Bxf8 fxe4 21. Bxg7 Rh7 22. Bf6 Rf7 23. Bh4 a5 24. Re1 a4 
25. Rxe4 Ra5 26. Re8+ Kd7 27. Re3 b5 28. Rd3+ Kc8 29. Rd5 Rd7 30. Rxd7 
Kxd7 31. Bf6 b4 32. g4 Rc5 33. Ra1 a3 34. c3 bxc3 35. Rxa3 c2 36. Bb2 
c1=Q+ 37. Bxc1 Rxc1+ 38. Kg2 Ke6 39. Rh3 Ne5 40. Rxh6+ Kf7 41. h3 Ng6 42. 
Rh7+ Kf6 43. Ra7 Rc3 44. Ra4 Nh4+ 45. Kh2 Nf3+ 46. Kg2 Nh4+ 47. Kh2 Nf3+ 
48. Kg2 Nh4+ 1/2-1/2

[Event "European Cities & Towns Chess Championship - Open/Seniors"]
[Site "Central Europe"]
[Date "2023.01.29"]
[Round "1.9.2"]
[White "Tepelenis, Nikolaos"]
[Black "Pieri, Pierre-Louis"]
[Result "0-1"]
[WhiteElo "2096"]
[BlackElo "2138"]
[BlackCountry "FR"]
[BlackFideId "20622627"]
[BlackTeam "Corsica "]
[WhiteCountry "GR"]
[WhiteFideId "4207599"]
[WhiteTeam "Ioannina"]

1. d4 Nf6 2. Nf3 d5 3. e3 e6 4. c4 Nbd7 5. Nc3 a6 6. cxd5 exd5 7. Ne5 Bd6 
8. f4 O-O 9. Bd3 c5 10. O-O Re8 11. Qf3 cxd4 12. exd4 Qb6 13. Be3 Qxb2 14.
 Nxd5 Qa3 15. Rad1 Qxa2 16. Nxd7 Nxd5 17. Ne5 Nxe3 18. Qxe3 Be6 19. f5 Bd5
20. f6 Qxg2# 0-1

[Event "European Cities & Towns Chess Championship - Open/Seniors"]
[Site "Central Europe"]
[Date "2023.01.29"]
[Round "1.9.4"]
[White "Notsikas, Georgios"]
[Black "Geronimi, Pierre-Francois"]
[Result "0-1"]
[WhiteElo "1000"]
[BlackElo "2027"]
[BlackCountry "FR"]
[BlackFideId "655686"]
[BlackTeam "Corsica "]
[WhiteCountry "GR"]
[WhiteFideId "42140587"]
[WhiteTeam "Ioannina"]

1. e4 g6 2. d4 Bg7 3. Nc3 d6 4. Be3 a6 5. a4 b6 6. Nf3 Bb7 7. Bc4 e6 8. 
O-O Nd7 9. Bg5 Ne7 10. Re1 h6 11. Be3 O-O 12. Qd2 Kh7 13. Rad1 d5 14. exd5
exd5 15. Bb3 Nf6 16. Ne5 Rc8 17. a5 Nf5 18. Bf4 Nd6 19. f3 Nf5 20. h3 bxa5
21. Na4 c6 22. Nc5 Ba8 23. c3 Ne8 24. Bc2 Ned6 25. Bd3 Rb8 26. Nxa6 Rb6 
27. Nc5 Qc8 28. Ra1 Nb7 29. Ra2 Nxc5 30. dxc5 Rb8 31. Rxa5 Kg8 32. Rea1 
Bb7 33. Ra7 g5 34. Bh2 Nh4 35. Ng4 f5 36. Bxb8 Qxb8 37. Nf2 Qg3 38. Nd1 
Nxf3+ 39. Kh1 Nxd2 40. Rxb7 Be5 41. Raa7 Qh2# 0-1

[Event "European Cities & Towns Chess Championship - Open/Seniors"]
[Site "Central Europe"]
[Date "2023.01.29"]
[Round "1.10.1"]
[White "Kumar, Sanjit S"]
[Black "Pasko, Llambi"]
[Result "0-1"]
[WhiteElo "1968"]
[BlackElo "2413"]
[BlackCountry "AL"]
[BlackFideId "4701178"]
[BlackTeam "TIRANA City"]
[BlackTitle "IM"]
[WhiteCountry "GB"]
[WhiteFideId "468142"]
[WhiteTeam "London Juniors"]

1. d4 d5 2. c4 c6 3. Nc3 Nf6 4. cxd5 cxd5 5. Bf4 Nc6 6. e3 e6 7. Rc1 Bd6 
8. Bxd6 Qxd6 9. f4 Bd7 10. Bd3 O-O 11. Nf3 Rac8 12. O-O a6 13. a3 b5 14. 
b4 Rc7 15. Ne5 Rfc8 16. Bxb5 Nxb4 17. Bxd7 Nxd7 18. Ne2 Rxc1 19. Nxc1 Nc2 
20. Qd3 Nxe5 21. fxe5 Qxa3 22. Qxa3 Nxa3 23. Nd3 Nc4 24. Kf2 Rb8 25. Ra1 
a5 26. Ke2 Rb3 27. Ra2 h5 28. Ra1 Kh7 29. Ra2 a4 30. Nc5 Rxe3+ 31. Kf2 a3 
32. h3 Rc3 33. Ke2 h4 34. Kf2 Nxe5 35. dxe5 Rxc5 36. Rxa3 Rc4 37. Ra7 Kg6 
38. Ra8 Re4 39. Rh8 Kf5 40. Rh5+ g5 41. g4+ hxg3+ 42. Kxg3 Rxe5 43. h4 Kg6
44. Rh8 gxh4+ 45. Rxh4 Re4 46. Rh8 f5 47. Kf3 d4 48. Rd8 e5 49. Rd6+ Kg5 
50. Rd8 Re3+ 51. Kf2 Kf4 52. Rh8 Ke4 53. Ra8 f4 54. Ra4 Rb3 55. Rc4 Rb2+ 
56. Ke1 Ke3 57. Rc1 d3 0-1

[Event "European Cities & Towns Chess Championship - Open/Seniors"]
[Site "Central Europe"]
[Date "2023.01.29"]
[Round "1.10.2"]
[White "Xhembulla, Aleksander"]
[Black "Patel, Zain"]
[Result "1/2-1/2"]
[WhiteElo "2091"]
[BlackElo "1806"]
[BlackCountry "GB"]
[BlackFideId "469246"]
[BlackTeam "London Juniors"]
[WhiteCountry "AL"]
[WhiteFideId "4705114"]
[WhiteTeam "TIRANA City"]

1. e4 c6 2. d4 d5 3. Nc3 dxe4 4. Nxe4 Nf6 5. Nxf6+ exf6 6. c3 Bd6 7. Bd3 
O-O 8. Qc2 Re8+ 9. Ne2 g6 10. h4 f5 11. Bd2 Nd7 12. O-O-O Nf6 13. Bg5 Be6 
14. c4 Rc8 15. Kb1 Be7 16. Nf4 Ne4 17. Nxe6 fxe6 18. Bxe7 Rxe7 19. Bxe4 
fxe4 20. Qxe4 Qf8 21. f3 Rd8 22. h5 Qf5 23. Qc2 Qxc2+ 24. Kxc2 Red7 25. 
hxg6 hxg6 26. Rhe1 Kf7 27. Re4 c5 28. Kc3 b6 29. Rf4+ Ke7 30. d5 exd5 31. 
Re1+ Kd6 32. cxd5 Kxd5 33. Rf6 Rd6 34. Rf7 R8d7 35. Rxd7 Rxd7 36. Rd1+ Kc6
37. Rxd7 Kxd7 38. Kd3 Kd6 39. Ke4 Ke6 40. f4 b5 41. b3 c4 42. bxc4 bxc4 
43. g4 c3 44. Kd3 Kd5 45. Kxc3 Ke4 46. f5 gxf5 47. gxf5 Kxf5 48. Kc4 Ke6 
49. Kb5 Kd7 50. Ka6 Kc8 51. Kxa7 Kc7 52. a4 Kc8 53. a5 Kc7 54. a6 Kc8 55. 
Ka8 Kc7 56. Ka7 Kc8 57. Ka8 Kc7 58. Ka7 1/2-1/2

[Event "European Cities & Towns Chess Championship - Open/Seniors"]
[Site "Central Europe"]
[Date "2023.01.29"]
[Round "1.10.3"]
[White "Yedid, Lior"]
[Black "Zeneli, Klendi"]
[Result "0-1"]
[WhiteElo "1521"]
[BlackElo "2052"]
[BlackCountry "AL"]
[BlackFideId "4706609"]
[BlackTeam "TIRANA City"]
[WhiteCountry "GB"]
[WhiteFideId "487457"]
[WhiteTeam "London Juniors"]

1. e4 e5 2. f4 exf4 3. Nf3 g5 4. h4 g4 5. Ng5 h5 6. Bc4 Nh6 7. O-O f6 8. 
d4 Nc6 9. d5 Ne5 10. Bb3 fxg5 11. hxg5 f3 12. gxh6 Bc5+ 13. Rf2 Qh4 14. 
Qe1 g3 15. gxf3 gxf2+ 16. Kf1 fxe1=Q+ 17. Kg2 Qef2# 0-1

[Event "European Cities & Towns Chess Championship - Open/Seniors"]
[Site "Central Europe"]
[Date "2023.01.29"]
[Round "1.10.4"]
[White "Shuqja, Klean"]
[Black "Hanache, Kai"]
[Result "1-0"]
[WhiteElo "1884"]
[BlackElo "1394"]
[BlackCountry "GB"]
[BlackFideId "490105"]
[BlackTeam "London Juniors"]
[WhiteCountry "AL"]
[WhiteFideId "4701585"]
[WhiteTeam "TIRANA City"]
[WhiteTitle "WFM"]

1. e4 e5 2. Nf3 Nc6 3. Bb5 Nf6 4. d3 Bc5 5. O-O d6 6. c3 Bg4 7. h3 Bxf3 8.
 Qxf3 O-O 9. Bg5 a6 10. Ba4 h6 11. Bh4 Qe7 12. Nd2 Rad8 13. Rfe1 Rfe8 14. 
Nf1 g5 15. Bg3 Nd7 16. Ne3 Bxe3 17. fxe3 Nc5 18. Bc2 Nd7 19. Rf1 Kg7 20. 
d4 Nb6 21. b3 a5 22. Rf2 Rf8 23. Raf1 Rde8 24. Qh5 f6 25. Qg4 Qd7 26. Qd1 
d5 27. Qh5 Qf7 28. Qf3 Qe6 29. exd5 Qxd5 30. Be4 Qd7 31. Bf5 Qf7 32. Bg4 
Qd5 33. e4 Qd6 34. Bh5 Re7 35. Qf5 Kh8 36. Qg6 exd4 37. Bxd6 cxd6 38. Rxf6
Rg8 39. Rf8 Rg7 40. Qxh6+ Rh7 41. Rxg8+ 1-0

[Event "European Cities & Towns Chess Championship - Open/Seniors"]
[Site "Central Europe"]
[Date "2023.01.29"]
[Round "1.11.1"]
[White "Ribbegren, Karl Johan"]
[Black "Mavroudis, Dimitris"]
[Result "1/2-1/2"]
[WhiteElo "2158"]
[BlackElo "1973"]
[BlackCountry "GR"]
[BlackFideId "4222318"]
[BlackTeam "Trikala "]
[WhiteCountry "MC"]
[WhiteFideId "5400040"]
[WhiteTeam "Monte-Carlo"]

1. d4 d5 2. Nf3 Nf6 3. Nbd2 Bf5 4. e3 e6 5. Nh4 Bg4 6. f3 Bh5 7. g3 Be7 8.
 Bd3 c5 9. c3 Nc6 10. O-O Rc8 11. Qe1 Nd7 12. Ng2 Bg6 13. Nf4 Bxd3 14. 
Nxd3 O-O 15. Kh1 e5 16. dxe5 Ncxe5 17. Nxe5 Nxe5 18. Qe2 c4 19. e4 d4 20. 
cxd4 Qxd4 21. f4 Nd3 22. Nf3 Qb6 23. Rb1 Bc5 24. Bd2 Rfe8 25. Bc3 Nf2+ 26.
 Rxf2 Bxf2 27. Ne5 Bd4 28. Bxd4 Qxd4 29. Rd1 Qc5 30. Qh5 g6 31. Qh6 Qf8 
32. Qh4 Qe7 33. Qh6 f6 34. Rd7 fxe5 35. Rxe7 Rxe7 36. f5 Rc6 37. Qg5 Kf7 
38. h4 Rf6 39. h5 gxf5 40. exf5 h6 41. Qg4 e4 42. Kg2 b5 43. Kf2 Re5 44. 
Ke3 a6 45. Qd1 Rfxf5 46. Qd7+ Kf6 47. Qd8+ Kf7 48. Qd7+ Kf6 49. Qd8+ Ke6 
50. Qc8+ Kd5 51. Qd7+ Kc5 52. a3 Rf3+ 53. Ke2 Rd3 54. Qc7+ Kd5 55. Qd7+ 
Kc5 56. Qc7+ Kd5 57. Qd7+ Kc5 1/2-1/2

[Event "European Cities & Towns Chess Championship - Open/Seniors"]
[Site "Central Europe"]
[Date "2023.01.29"]
[Round "1.11.2"]
[White "Gountras, Klearhos"]
[Black "Nelis, Jean-Francois"]
[Result "0-1"]
[WhiteElo "1968"]
[BlackElo "2112"]
[BlackCountry "MC"]
[BlackFideId "623830"]
[BlackTeam "Monte-Carlo"]
[Termination "time forfeit"]
[WhiteCountry "GR"]
[WhiteFideId "4206495"]
[WhiteTeam "Trikala "]

1. e4 e6 2. d4 d5 3. e5 a6 4. Be3 Bd7 5. b3 Ne7 6. f4 Nf5 7. Bf2 c5 8. 
dxc5 Qc7 9. g4 Ne7 10. Qd2 h5 11. gxh5 Nf5 12. b4 d4 13. Bg2 a5 14. c3 
dxc3 15. Qxc3 axb4 16. Qxb4 Bc6 17. Nf3 Na6 18. Qb6 Qxb6 19. cxb6 Nb4 20. 
Nc3 Nc2+ 21. Kd2 Nxa1 22. Rxa1 Ra3 23. Kc2 Bb4 24. Nb1 Rxf3 25. Bxf3 Bxf3 
26. Nd2 Bxd2 27. Kxd2 Rxh5 28. a4 Bc6 29. Bg1 Rh4 30. a5 Bb5 31. Rb1 Ba6 
32. Rc1 Ne7 33. Rc7 Rxf4 34. Bc5 Nc6 35. Rc8+ Nd8 36. Bd6 Rc4 37. Bc7 Rd4+
38. Ke3 Rd7 39. Ra8 Ke7 40. Bd6+ Ke8 41. h4 f6 42. Kd4 Kf7 43. Ke4 Nc6 44.
 h5 Rd8 45. Rxd8 Nxd8 46. exf6 Kxf6 47. Bf8 Nc6 48. h6 gxh6 49. Bxh6 Nxa5 
50. Be3 Nc6 51. Bc5 Bc4 52. Bd6 Bd5+ 53. Kf4 e5+ 54. Ke3 Kf5 55. Bc7 e4 
56. Bd6 Ne5 57. Kd4 Nc4 0-1

[Event "European Cities & Towns Chess Championship - Open/Seniors"]
[Site "Central Europe"]
[Date "2023.01.29"]
[Round "1.11.3"]
[White "Van Hoolandt, Patrick"]
[Black "Lioumis, Petros"]
[Result "1-0"]
[WhiteElo "2017"]
[BlackElo "1290"]
[BlackCountry "GR"]
[BlackFideId "25806238"]
[BlackTeam "Trikala "]
[WhiteCountry "MC"]
[WhiteFideId "200999"]
[WhiteTeam "Monte-Carlo"]
[WhiteTitle "FM"]

1. d4 d6 2. c4 Nf6 3. Nc3 g6 4. e4 Bg7 5. Nf3 O-O 6. Be3 c6 7. Be2 Re8 8. 
O-O Bg4 9. Re1 Nbd7 10. Qd2 e5 11. d5 Qc7 12. Rac1 a6 13. b4 c5 14. a3 Nh5
15. h3 Bxf3 16. Bxf3 Nf4 17. Kh2 cxb4 18. axb4 Qxc4 19. Ne2 Qb5 20. Rc7 
Rac8 21. Rec1 Rxc7 22. Rxc7 Bh6 23. Bxf4 exf4 24. Nd4 Qb6 25. Rxd7 Rc8 26.
 Nb3 Bg7 27. Na5 Bc3 28. Qc1 Qxb4 29. Nxb7 Qb6 30. Nxd6 Rb8 31. Qxc3 1-0

[Event "European Cities & Towns Chess Championship - Open/Seniors"]
[Site "Central Europe"]
[Date "2023.01.29"]
[Round "1.11.4"]
[White "Karanasios, Dimosthenis"]
[Black "Verdier, Patrice"]
[Result "0-1"]
[WhiteElo "1240"]
[BlackElo "1996"]
[BlackCountry "MC"]
[BlackFideId "606340"]
[BlackTeam "Monte-Carlo"]
[BlackTitle "FM"]
[WhiteCountry "GR"]
[WhiteFideId "42108306"]
[WhiteTeam "Trikala "]

1. d4 Nf6 2. c4 c5 3. d5 b5 4. b3 g6 5. Bb2 d6 6. Nf3 Bg7 7. Nbd2 O-O 8. 
Qc2 bxc4 9. bxc4 Nbd7 10. e4 Rb8 11. Bc3 Nb6 12. a4 Ba6 13. Bd3 Nbd7 14. 
Rb1 Ng4 15. Bxg7 Kxg7 16. h3 Nge5 17. Be2 Qa5 18. O-O Rb4 19. Nxe5 Nxe5 
20. f4 Nd7 21. Ra1 Rfb8 22. Rfb1 h6 23. Nb3 Qb6 24. Nd2 Qc7 25. Rb3 Qb7 
26. Rab1 Qc7 27. Rxb4 cxb4 28. Rxb4 Qc5+ 29. Kh2 Rxb4 30. Qc3+ Kg8 31. f5 
Ne5 32. Nb3 Qb6 33. Nd2 Rxa4 34. Bd1 Ra2 35. Bb3 Rxd2 36. Qxd2 Qxb3 37. 
Qxh6 Qxc4 38. Qg5 Qxe4 39. fxg6 Qxg6 40. Qxe7 Bf1 41. g4 Qc2+ 42. Kg3 Qg2+
43. Kh4 Ng6+ 44. Kg5 Nxe7 45. h4 Qxd5+ 46. Kh6 Qe6+ 47. Kh5 Qg6# 0-1